Statistics for The Trials of Apollo Book #1

Click here to take the quiz!

General Stats

  • This quiz has been taken 137 times
  • The average score is 9 of 15

Answer Stats

HintAnswer% Correct
Main characterApollo/ Lester
99%
Main character's fatherZeus/Jupiter
88%
New female demigod's stepfatherNero
79%
Main enemyThe Beast/Nero
79%
Main character's sibling(s)Artemis
76%
AuthorRick Riordan
76%
Main character's motherLeto
65%
Powerful demigod that helpedPercy Jackson
65%
Book titleThe Hidden Oracle
60%
Powerful demigod's motherSally Jackson
59%
Powerful demigod's fatherPoseidon
57%
The place the main character went toCamp Half-Blood
53%
Issues facing demigodsCommunication failure
2%
Main character's ownerMeg McCraffey
2%
Main character's former abilityArchery, music, prophecy
1%

Score Distribution

Percentile by Number Answered

Percent of People with Each Score

Your Score History

You have not taken this quiz